L'attaque des titans : trouvez le personnage correspondant (SNK) - Statistiques

Statistiques générales
  • Ce quiz a été pris 2 524 fois
  • Le résultat moyen est 8 sur 15
Statistiques - réponses
Caractéristiques Autre que Personnage correspondant % Correct
Famille Jäger Eren / Sieg Grisha Jäger
94%
Famille Ackerman Livai / Mikasa Kenny Ackerman
91%
Reine des murs Frieda Reiss Historia Reiss
86%
Major mourant au combat Hansi Zoe Erwin Smith
82%
Enfonce le mur Maria en 845 Bertolt Hoover Reiner Braun
82%
A vu les souvenirs de Grisha Eren Jäger Sieg Jäger
61%
Alcoolique notoire Hannes Dot Pixis
49%
Condamné à l'exil sur Paradis Grisha / Dinah Ymir
42%
Leader des Pro-Jäger Yelena Frock Vorster
37%
Se sacrifiant à bord d'un cuirassé Mahr Keith Shardiz Theo Magath
34%
Titan Marteau d'Armes Eren Jäger Lara Teyber
32%
Ancien menbre de la Garnison - Hannes
30%
Titan Bestial Sieg Jäger Tom Xaver
23%
Provenant d'un village Conny Springer Sasha Braus
20%
Ancien camarade tué par Conny Daz Samuel Link-Jackson
16%
Aucun quiz correspondant
Distribution des résultats
% des personnes avec chaque résultat
Percentile par nombre de réponses
Votre historique - résultats
Vous n’avez pas pris ce quiz